Urlaubsländer Religion Unterstufe - Statistiken

Allgemein
  • Dieses Quiz wurde 39 mal gespielt
  • Das Durchschnittsergebnis liegt bei 7 aus 10
Antwortstatistiken
Hint Antwort % Korrekt
Italien: In welcher Stadt liegt der Vatikanstaat mit dem Petersdom? Rom
100%
USA: Welche Stadt heißt übersetzt "die Engel"? Los Angeles
93%
Griechenland: Wie heißt der höchste der olympischen Götter? Zeus
93%
Ägypten: Wer führte die Israeliten aus Ägypten? Moses
83%
Kroatien: Kroaten sind mehrheitlich katholisch. Die benachbarten Serben hingegen sind mehrheitlich ... Orthodox
79%
Thailand: Welche Religion wird in Thailand mehrheitlich praktiziert? Buddhismus
76%
Türkei: Wessen Schifffahrt endete am Berg Ararat? Noah
72%
Irland: Der heilige Patrick vertrieb das Böse aus Irland. Durch welches Tier wird "das Böse" symbolisiert? Schlange
59%
Spanien: Welcher Heilige wird im berühmten Wallfahrtsort Santiago de Compostela verehrt? Jakobus
45%
Österreich: Wie heißt der Schutzpatron von Niederösterreich? Leopold
10%
Keine übereinstimmenden Quizze gefunden
Verteilung der Resultate
Anzahl Personen mit jedem Resultat
Perzentil nach korrekt beantworteten Fragen
Ihre Resultats-Entwicklung
Sie haben dieses Quiz noch nicht gespielt